000 00670nam a22002177a 4500
005 20170124105914.0
010 _aB-131820
020 _c130.00
035 _aB-131820
037 _bCen Lib/Ret
040 _aDPL
_bEN
082 _a000
_bGAN
100 _aGanesh Kumar
_9107124
245 _aGeneral knowledge :
_cby Ganesh Kumar
_buseful for various compititive examinations /
260 _aAgra
_bUpkar Prakashan
_c2006
270 _bAgra
_a2/11A, swadeshi beema nagar
_e282002
300 _avii,380p.
_c20cm(pbk)
650 _aGeneral Knowledge
_y
_9107125
650 _aGeneral Knowledge - handbook
_9107126
942 _2ddc
_cEN
_h000
_mGAN
999 _c122690
_d122690